00431nam a2200145Ia 450000500170000000800410001704100120005808200130007010000320008324500780011525000080019326000330020150000140023465000370024820240913130105.0240913s9999||||xx |||||||||||||| ||und|| aENGLISH A660.6 Q9 aDepartment of Biotechnology 0aNational Conference on Current Scienario of Biotechnology to words Health a1st c2019bDepartment of Biotechn aREFERENCE aBiotechnologybBio Medical Engg.